000 00279nam a22001337a 4500
008 170508b xxu||||| |||| 00| 0 eng d
020 _ax0001utgwn
041 _aeng
080 _23ND
_a34
100 _a15
101 _aSHJ
245 _aLAW SCHOOL
_cSHAPO, H
942 _2udc
_cBK
999 _c12880
_d12880